Transformational leadership.
Saved in:
| Main Authors: | , |
|---|---|
| Format: | Bog |
| Sprog: | engelsk |
| Udgivet: |
New York, United States of America; Hove, England:
Psychocology Press; Taylor & Francis Group,
2014.
|
| Udgivelse: | Second edition. |
| Fag: | |
| Tags: |
Tilføj Tag
Ingen Tags, Vær først til at tagge denne postø!
|
MARC
| LEADER | 00000nam a22000007a 4500 | ||
|---|---|---|---|
| 003 | CL-VaPUC | ||
| 005 | 20250407202439.0 | ||
| 008 | 250310t2014 ||||| |||| 00| 0 eng d | ||
| 999 | |c 447184 |d 447182 | ||
| 020 | |a 0-8058-4761-8 | ||
| 040 | |c Pontificia Universidad Católica de Valparaíso | ||
| 082 | |2 22 |a 658.4092 BAS 2014 | ||
| 100 | |9 310614 |a Bass, Bernard M |e author | ||
| 245 | |a Transformational leadership. | ||
| 250 | |a Second edition. | ||
| 260 | |a New York, United States of America; |a Hove, England: |b Psychocology Press; |b Taylor & Francis Group, |c 2014. | ||
| 300 | |a 281 páginas. | ||
| 500 | |a c.1: Instituto Arcos. 08-01-2025 | ||
| 583 | |c 20250310 |k Yessy Sthefany Diaz Vidal | ||
| 650 | 0 | |9 271835 |a Liderazgo |x Gestión de empresas y organizaciones | |
| 650 | 0 | |9 557141 |a Liderazgo ejecutivo |x Cambio organizacional | |
| 700 | |9 896477 |a Riggio, Ronald E. |e author | ||
| 942 | |2 ddc |c BK |n 0 | ||
| 952 | |0 0 |1 0 |2 ddc |4 0 |6 658_409200000000000_BAS_2014 |7 0 |8 A |9 600822 |a BIBINC |b BIBINC |d 2025-03-10 |e Instituto Arcos |i 5665500 |o 658.4092 BAS 2014 |p 5665500 |r 2025-03-10 |t 1 |w 2025-03-10 |y BK |k IFP | ||